[Event "4NCL Division 2a"]
[Site "Birmingham, ENG ENG"]
[Date "2015.11.15"]
[Round "2.211"]
[White "Mcgowan, Daniel"]
[Black "Lawton, Geoff W"]
[Result "1/2-1/2"]
[WhiteElo "2149"]
[BlackElo "2252"]
[PlyCount "51"]
[EventDate "2015.11.15"]
[WhiteTeam "Grantham Sharks 2"]
[BlackTeam "Warwickshire Select 1"]

1. e4 c5 2. Nf3 Nc6 3. Bb5 e6 4. O-O Nge7 5. b3 a6 6. Bxc6 Nxc6 7. Bb2 b5 8.
Nc3 Be7 9. Ne2 O-O 10. d4 cxd4 11. Nexd4 Bb7 12. Qe2 Rc8 13. Rfd1 Qb6 14. Rac1
d6 15. c4 bxc4 16. Rxc4 Nb8 17. Nd2 d5 18. Rxc8 Rxc8 19. exd5 Bxd5 20. Nf5 exf5
21. Qxe7 Qe6 22. Qxe6 fxe6 23. Rc1 Rxc1+ 24. Bxc1 Nc6 25. Nb1 Nb4 26. Nc3
1/2-1/2

[Event "4NCL Division 2a"]
[Site "Birmingham, ENG ENG"]
[Date "2015.11.15"]
[Round "2.212"]
[White "Pitcher, John"]
[Black "Varnam, Liam D"]
[Result "1-0"]
[WhiteElo "2245"]
[BlackElo "2129"]
[PlyCount "71"]
[EventDate "2015.11.15"]
[WhiteTeam "Warwickshire Select 1"]
[BlackTeam "Grantham Sharks 2"]

1. e4 e5 2. Bc4 Nc6 3. Nc3 Nf6 4. d3 d6 5. a4 Be7 6. f4 exf4 7. Nf3 Ne5 8. Bb3
Ng6 9. O-O Be6 10. Bxe6 fxe6 11. Ng5 Qd7 12. Bxf4 O-O 13. Bd2 h6 14. Nh3 e5 15.
Qe2 c6 16. Kh1 d5 17. Rae1 d4 18. Nd1 c5 19. b3 b6 20. Nb2 a6 21. Nc4 Qe6 22.
Ra1 b5 23. Nb2 Rfc8 24. Ra2 Qc6 25. Rfa1 Nf8 26. Nf2 N8d7 27. Ng4 Nh7 28. h3
Bg5 29. Be1 h5 30. Nh2 g6 31. Nf3 Bf4 32. Bd2 Bxd2 33. Qxd2 b4 34. Nc4 Qe6 35.
Qh6 Rf8 36. Qxh7+ 1-0

[Event "4NCL Division 2a"]
[Site "Birmingham, ENG ENG"]
[Date "2015.11.15"]
[Round "2.213"]
[White "Murphy, Hugh W"]
[Black "Mason, Donald J"]
[Result "1/2-1/2"]
[WhiteElo "2172"]
[BlackElo "2207"]
[PlyCount "41"]
[EventDate "2015.11.15"]
[WhiteTeam "Grantham Sharks 2"]
[BlackTeam "Warwickshire Select 1"]

1. d4 Nf6 2. Nf3 g6 3. Nbd2 c5 4. dxc5 Qa5 5. a3 Qxc5 6. b4 Qc7 7. c4 Bg7 8.
Bb2 d6 9. e3 b6 10. Be2 Bb7 11. O-O O-O 12. Rc1 Nbd7 13. Qb3 Rac8 14. Nb1 Ne4
15. Bxg7 Kxg7 16. Nc3 Ndf6 17. Rfd1 Kg8 18. Nxe4 Nxe4 19. Nd4 a6 20. Bg4 Rcd8
21. Bf3 1/2-1/2

[Event "4NCL Division 2a"]
[Site "Birmingham, ENG ENG"]
[Date "2015.11.15"]
[Round "2.214"]
[White "Lam, Paul G M"]
[Black "Tavares, Shawn P"]
[Result "1/2-1/2"]
[WhiteElo "2192"]
[BlackElo "2130"]
[PlyCount "120"]
[EventDate "2015.11.15"]
[WhiteTeam "Warwickshire Select 1"]
[BlackTeam "Grantham Sharks 2"]

1. g3 d5 2. Bg2 e5 3. c4 d4 4. d3 f5 5. Nf3 Nd7 6. O-O Ngf6 7. Qa4 c6 8. b4 Bd6
9. c5 Bc7 10. Ng5 Qe7 11. Bxc6 h6 12. Nf3 O-O 13. Bb5 Kh7 14. Ba3 Qf7 15. Qc2
a6 16. Ba4 Nb8 17. Nbd2 Qh5 18. c6 b5 19. Bb3 Re8 20. Bb2 Be6 21. a4 bxa4 22.
Rxa4 Bxb3 23. Nxb3 Qh3 24. Nbxd4 exd4 25. Bxd4 Ng4 26. e3 f4 27. exf4 Bxf4 28.
Be5 Bxe5 29. d4+ Kh8 30. dxe5 Nxe5 31. Nxe5 Rxe5 32. c7 Re8 33. cxb8=Q Raxb8
34. Qc6 Re5 35. Rxa6 Rh5 36. Qg2 Qxg2+ 37. Kxg2 Rxb4 38. Rfa1 Rb7 39. Ra7 Rhb5
40. Rxb7 Rxb7 41. h4 g6 42. g4 Kg7 43. Re1 Rb4 44. Kg3 Kf6 45. Re3 Ra4 46. f4
Rb4 47. g5+ hxg5 48. hxg5+ Kf7 49. Rc3 Rb7 50. Kg4 Ra7 51. Rc4 Rb7 52. f5 gxf5+
53. Kxf5 Rb5+ 54. Kg4 Rb7 55. Kh5 Kg7 56. Rc6 Ra7 57. Rg6+ Kh7 58. Rb6 Kg7 59.
Rd6 Rb7 60. Rd5 Ra7 1/2-1/2

[Event "4NCL Division 2a"]
[Site "Birmingham, ENG ENG"]
[Date "2015.11.15"]
[Round "2.215"]
[White "Birtwistle, Nigel"]
[Black "Stepanyan, Henrik"]
[Result "1/2-1/2"]
[WhiteElo "2120"]
[BlackElo "2132"]
[PlyCount "71"]
[EventDate "2015.11.15"]
[WhiteTeam "Grantham Sharks 2"]
[BlackTeam "Warwickshire Select 1"]

1. c4 e6 2. g3 Nf6 3. Bg2 d5 4. Nf3 Be7 5. O-O O-O 6. b3 Ne4 7. Bb2 Bf6 8. d4
c5 9. e3 Nc6 10. Qe2 b6 11. Rd1 Ba6 12. Qc2 Nb4 13. Qc1 Rc8 14. a3 Nc6 15. Nbd2
Nxd2 16. Rxd2 cxd4 17. Nxd4 Nxd4 18. Bxd4 dxc4 19. Qd1 c3 20. Rc2 e5 21. Bxc3
Qxd1+ 22. Rxd1 e4 23. Bxf6 Rxc2 24. Bxe4 Rc7 25. Bd4 Rfc8 26. Bb2 Bb7 27. Bxb7
Rxb7 28. Kg2 f6 29. h4 Rc2 30. Bd4 Ra2 31. a4 Rc7 32. Kf3 Kf7 33. g4 Rcc2 34.
Rf1 Rd2 35. Kg3 Rd3 36. Rc1 1/2-1/2

[Event "4NCL Division 2a"]
[Site "Birmingham, ENG ENG"]
[Date "2015.11.15"]
[Round "2.216"]
[White "Fallowfield, Jeremy R"]
[Black "Purton, Ben J"]
[Result "1-0"]
[WhiteElo "2080"]
[BlackElo "2185"]
[PlyCount "45"]
[EventDate "2015.11.15"]
[WhiteTeam "Warwickshire Select 1"]
[BlackTeam "Grantham Sharks 2"]

1. d4 Nf6 2. c4 g6 3. f3 d5 4. cxd5 Nxd5 5. e4 Nb6 6. Nc3 Bg7 7. Be3 O-O 8. Qd2
Nc6 9. O-O-O e5 10. d5 Nb8 11. g4 c6 12. h4 cxd5 13. exd5 f5 14. h5 fxg4 15.
hxg6 hxg6 16. Bxb6 Qxb6 17. Bc4 Rf4 18. d6+ Kf8 19. Qd5 Qe3+ 20. Rd2 Rxc4 21.
Qxc4 Na6 22. Nd5 Qg5 23. Ne7 1-0

[Event "4NCL Division 2a"]
[Site "Birmingham, ENG ENG"]
[Date "2015.11.15"]
[Round "2.217"]
[White "Batchelor, Guy J"]
[Black "Baruch, Andrew J D"]
[Result "1/2-1/2"]
[WhiteElo "2020"]
[BlackElo "2074"]
[PlyCount "78"]
[EventDate "2015.11.15"]
[WhiteTeam "Grantham Sharks 2"]
[BlackTeam "Warwickshire Select 1"]

1. b3 Nf6 2. Bb2 g6 3. e3 Bg7 4. c4 d6 5. d4 O-O 6. Nf3 e5 7. dxe5 Ng4 8. Be2
Nxe5 9. Nxe5 dxe5 10. Nc3 Qg5 11. h4 Qd8 12. Qxd8 Rxd8 13. Nd5 Na6 14. O-O-O
Be6 15. e4 h5 16. Ba3 Bf8 17. Bxf8 Kxf8 18. f3 c6 19. Ne3 Ke7 20. Rxd8 Rxd8 21.
Rd1 Rxd1+ 22. Kxd1 f5 23. exf5 gxf5 24. g4 f4 25. Ng2 Bf7 26. Bd3 Nc5 27. Bf5
Kf6 28. Bc8 b5 29. g5+ Kg6 30. cxb5 cxb5 31. Kd2 b4 32. Ne1 Bd5 33. Ke2 a5 34.
Nc2 e4 35. Nd4 exf3+ 36. Nxf3 a4 37. Nd4 axb3 38. Bf5+ Kg7 39. axb3 Nxb3
1/2-1/2

[Event "4NCL Division 2a"]
[Site "Birmingham, ENG ENG"]
[Date "2015.11.15"]
[Round "2.218"]
[White "Parekh, Rajen M"]
[Black "Summerscale, Claire E"]
[Result "0-1"]
[WhiteElo "1855"]
[BlackElo "1885"]
[PlyCount "88"]
[EventDate "2015.11.15"]
[WhiteTeam "Warwickshire Select 1"]
[BlackTeam "Grantham Sharks 2"]

1. e4 d5 2. exd5 Nf6 3. d4 Nxd5 4. c4 Nf6 5. Nc3 c6 6. Nf3 Bf5 7. Be2 Nbd7 8.
Bf4 e6 9. a3 Be7 10. O-O O-O 11. h3 Ne4 12. Nxe4 Bxe4 13. Bd3 Nf6 14. Bxe4 Nxe4
15. Qd3 Nf6 16. b4 h6 17. Rab1 b6 18. Rfd1 Bd6 19. Ne5 Rc8 20. Qf3 Qe7 21. Rb2
Rfd8 22. Rbd2 Nd7 23. Bg3 Nb8 24. Kh2 Bxe5 25. dxe5 Rxd2 26. Rxd2 Rd8 27. Qd1
Rxd2 28. Qxd2 Qd7 29. Qxd7 Nxd7 30. h4 h5 31. Bf4 Kh7 32. Kg3 Kg6 33. b5 c5 34.
Kf3 Kf5 35. Ke3 Nxe5 36. Bxe5 Kxe5 37. f3 Kf5 38. g3 f6 39. Kd3 g5 40. a4 gxh4
41. gxh4 Kf4 42. Ke2 Kg3 43. Ke3 Kxh4 44. f4 f5 0-1

[Event "4NCL Division 2a"]
[Site "Birmingham, ENG ENG"]
[Date "2015.11.15"]
[Round "2.221"]
[White "Granat, Russell G"]
[Black "Goldie, Thomas"]
[Result "1/2-1/2"]
[WhiteElo "2191"]
[BlackElo "2237"]
[PlyCount "45"]
[EventDate "2015.11.15"]
[WhiteTeam "Guildford 3"]
[BlackTeam "Barbican 4NCL Youth"]

1. e4 c5 2. Nf3 d6 3. Bb5+ Bd7 4. Bxd7+ Qxd7 5. O-O Nf6 6. Re1 Nc6 7. c3 e6 8.
d4 cxd4 9. cxd4 d5 10. e5 Ne4 11. Nc3 Nxc3 12. bxc3 Rc8 13. Qd3 a6 14. a4 Na5
15. Ba3 Bxa3 16. Rxa3 h6 17. Nd2 Nc4 18. Nxc4 Rxc4 19. a5 O-O 20. Rb1 Qc7 21.
g3 Rc8 22. Rbb3 Qd7 23. Kg2 1/2-1/2

[Event "4NCL Division 2a"]
[Site "Birmingham, ENG ENG"]
[Date "2015.11.15"]
[Round "2.222"]
[White "Coleman, David J"]
[Black "Zhang, Anthony Y"]
[Result "1/2-1/2"]
[WhiteElo "2179"]
[BlackElo "2267"]
[PlyCount "39"]
[EventDate "2015.11.15"]
[WhiteTeam "Barbican 4NCL Youth"]
[BlackTeam "Guildford 3"]

1. e4 c5 2. Nc3 Nc6 3. Nf3 g6 4. d4 cxd4 5. Nxd4 Bg7 6. Be3 Nf6 7. Bc4 Qa5 8.
O-O d6 9. h3 O-O 10. Bb3 Bd7 11. Re1 Rfe8 12. Qd3 Rac8 13. Rad1 a6 14. a3 Ne5
15. Qe2 b5 16. Bc1 Nc4 17. Nf3 Be6 18. Nd4 Bd7 19. Nf3 Be6 20. Nd4 1/2-1/2

[Event "4NCL Division 2a"]
[Site "Birmingham, ENG ENG"]
[Date "2015.11.15"]
[Round "2.223"]
[White "Osborne, Marcus E"]
[Black "O`Toole, George E"]
[Result "1/2-1/2"]
[WhiteElo "2185"]
[BlackElo "2195"]
[PlyCount "96"]
[EventDate "2015.11.15"]
[WhiteTeam "Guildford 3"]
[BlackTeam "Barbican 4NCL Youth"]

1. c4 Nf6 2. Nc3 e6 3. e4 Nc6 4. Nf3 d5 5. cxd5 exd5 6. e5 Ne4 7. Bb5 Bc5 8.
O-O O-O 9. d4 Bb6 10. h3 Nxc3 11. bxc3 f6 12. Ba3 Re8 13. exf6 Qxf6 14. Ne5 Bf5
15. f4 Be4 16. Qh5 Nxe5 17. fxe5 Rxe5 18. Qe2 Qg6 19. Rf2 c6 20. Bd3 Ree8 21.
Bxe4 Rxe4 22. Raf1 h5 23. Qd3 Rae8 24. Rf8+ Rxf8 25. Rxf8+ Kh7 26. Qf3 Re1+ 27.
Kf2 Ra1 28. Bd6 Rxa2+ 29. Kg1 Ra1+ 30. Kf2 Ra2+ 31. Kg1 Ra1+ 32. Kf2 Rc1 33.
Bf4 Qc2+ 34. Kg3 Qg6+ 35. Kh2 Re1 36. Be5 h4 37. Rf7 Rxe5 38. dxe5 Qb1 39. Qf1
Qe4 40. Re7 Qg6 41. Qe1 Qe4 42. Qf1 Be3 43. e6 Bf4+ 44. Kh1 Bd6 45. Rxb7 Qxe6
46. Qb1+ Kh6 47. Qc1+ Kh7 48. Qb1+ Kh6 1/2-1/2

[Event "4NCL Division 2a"]
[Site "Birmingham, ENG ENG"]
[Date "2015.11.15"]
[Round "2.224"]
[White "Crocker, Philip J"]
[Black "Golding, Alex"]
[Result "1-0"]
[WhiteElo "2162"]
[BlackElo "2057"]
[PlyCount "75"]
[EventDate "2015.11.15"]
[WhiteTeam "Barbican 4NCL Youth"]
[BlackTeam "Guildford 3"]

1. c4 Nf6 2. g3 g6 3. Bg2 Bg7 4. Nc3 O-O 5. e4 d6 6. Nge2 c5 7. O-O Nc6 8. d3
Bd7 9. h3 a6 10. Be3 Re8 11. f4 e6 12. a3 Rb8 13. Rb1 b5 14. cxb5 axb5 15. b4
cxb4 16. axb4 Nh5 17. d4 f5 18. g4 fxg4 19. hxg4 Nf6 20. Bf3 e5 21. d5 Nd4 22.
Nxd4 exd4 23. Bxd4 Nxg4 24. Bxg7 Qh4 25. Qd2 Kxg7 26. Bxg4 Qxg4+ 27. Qg2 Qxg2+
28. Kxg2 Rbc8 29. Rf3 Rc4 30. Re3 Ra8 31. Rb3 h5 32. Kg3 Ra1 33. e5 h4+ 34.
Kxh4 Rg1 35. e6 Rc8 36. Rg3 Rh8+ 37. Kg4 Rxg3+ 38. Kxg3 1-0

[Event "4NCL Division 2a"]
[Site "Birmingham, ENG ENG"]
[Date "2015.11.15"]
[Round "2.225"]
[White "Punnett, Alan K"]
[Black "Lim, Samuel"]
[Result "1/2-1/2"]
[WhiteElo "2117"]
[BlackElo "2230"]
[PlyCount "125"]
[EventDate "2015.11.15"]
[WhiteTeam "Guildford 3"]
[BlackTeam "Barbican 4NCL Youth"]

1. e4 c6 2. Nc3 d5 3. Nf3 Bg4 4. h3 Bh5 5. d3 e6 6. g4 Bg6 7. e5 h5 8. g5 c5 9.
Nh4 Ne7 10. f4 Bf5 11. Qf3 g6 12. Bd2 a6 13. Ne2 Nbc6 14. O-O-O Qb6 15. Qf2 Rc8
16. Ng3 Bg7 17. Nhxf5 exf5 18. Bg2 Nd4 19. Ne2 Ne6 20. Nc3 Rd8 21. Rhf1 Qc7 22.
Kb1 b5 23. Ne2 a5 24. Nc3 Qd7 25. b3 a4 26. Bc1 axb3 27. cxb3 b4 28. Na4 Qb5
29. Be3 d4 30. Bc1 Nd5 31. Bxd5 Rxd5 32. Qf3 Rd8 33. Rd2 O-O 34. Rc2 Ra8 35.
Bd2 Rfd8 36. Rfc1 Bf8 37. Rc4 Ra6 38. R1c2 Rda8 39. Qd5 Rd8 40. Qf3 Qb8 41. Kc1
Qa7 42. Kd1 Rb8 43. Ke2 Rb5 44. Bc1 Qb7 45. Qxb7 Rxb7 46. Kf3 Rb5 47. Re2 Be7
48. Rcc2 Kf8 49. Kg3 Ke8 50. Kf2 Kd7 51. Kg3 Nc7 52. Kf2 Ke6 53. Kg3 Bf8 54.
Kf2 Nd5 55. Kf3 Nb6 56. Nxb6 Rbxb6 57. Bd2 Rb5 58. Be1 Be7 59. Bf2 Kd5 60. Be1
Bd8 61. Bf2 Bc7 62. Be1 Bb8 63. Bf2 1/2-1/2

[Event "4NCL Division 2a"]
[Site "Birmingham, ENG ENG"]
[Date "2015.11.15"]
[Round "2.226"]
[White "Brett, Andrew R"]
[Black "Shepley, Julien M"]
[Result "1-0"]
[WhiteElo "2106"]
[BlackElo "2042"]
[PlyCount "115"]
[EventDate "2015.11.15"]
[WhiteTeam "Barbican 4NCL Youth"]
[BlackTeam "Guildford 3"]

1. e4 d6 2. d4 Nf6 3. Nc3 e5 4. Nf3 Nbd7 5. Bc4 Be7 6. O-O c6 7. a4 a5 8. Re1
Qc7 9. Nh4 g6 10. h3 h6 11. Nf3 g5 12. Nh2 Nf8 13. d5 Ng6 14. Ng4 Nxg4 15. hxg4
Qd7 16. dxc6 bxc6 17. Nd5 Bd8 18. Ne3 Bc7 19. b3 Ba6 20. Bxa6 Rxa6 21. Ba3 Ne7
22. Qd3 Ra8 23. Rad1 Rd8 24. Re2 c5 25. Red2 Qc6 26. Nc4 d5 27. exd5 Rxd5 28.
Qe2 Rxd2 29. Qxd2 O-O 30. Qe3 Ng6 31. Qxc5 Qxc5 32. Bxc5 Rd8 33. Rxd8+ Bxd8 34.
g3 f6 35. Kf1 Kf7 36. Ke2 Ke6 37. Ne3 Nh8 38. Kd3 Nf7 39. Kc4 h5 40. gxh5 f5
41. g4 fxg4 42. Nxg4 Kf5 43. Ne3+ Ke4 44. c3 Kf3 45. Kd5 e4 46. Nf5 g4 47. h6
Ng5 48. Nh4+ Ke2 49. Be3 Nh7 50. Nf5 Kd3 51. Bd4 Bf6 52. Bxf6 Nxf6+ 53. Ke6 Nh7
54. c4 Ke2 55. Ke5 Ng5 56. Kf4 Kxf2 57. Kxg4 Nh7 58. Kf4 1-0

[Event "4NCL Division 2a"]
[Site "Birmingham, ENG ENG"]
[Date "2015.11.15"]
[Round "2.227"]
[White "Smart, Michael R"]
[Black "Stewart, Ashley"]
[Result "0-1"]
[WhiteElo "2027"]
[BlackElo "2047"]
[PlyCount "62"]
[EventDate "2015.11.15"]
[WhiteTeam "Guildford 3"]
[BlackTeam "Barbican 4NCL Youth"]

1. e4 c5 2. Nf3 Nc6 3. d4 cxd4 4. Nxd4 g6 5. g3 Bg7 6. Nb3 Nf6 7. Bg2 d6 8. Nc3
Bg4 9. f3 Bd7 10. Be3 Qc8 11. O-O h5 12. Nd5 O-O 13. c4 Nxd5 14. cxd5 Ne5 15.
Rc1 Qd8 16. Bd4 Bb5 17. f4 Bxf1 18. Bxf1 Nd7 19. Bxg7 Kxg7 20. f5 Qb6+ 21. Kh1
Ne5 22. Bh3 Qe3 23. Qd4 Qe2 24. Bf1 Qg4 25. Qd1 Qxd1 26. Rxd1 Rac8 27. Bh3 Rc2
28. fxg6 Nxg6 29. Nd4 Rxb2 30. Rc1 Rxa2 31. Rc7 Ra4 {Both scoresheets
illegible from here until the end of the game, after Black's 41st move.} 0-1

[Event "4NCL Division 2a"]
[Site "Birmingham, ENG ENG"]
[Date "2015.11.15"]
[Round "2.228"]
[White "Keen, Cosima"]
[Black "Stimpson, Philip M"]
[Result "1/2-1/2"]
[WhiteElo "1906"]
[BlackElo "1997"]
[PlyCount "88"]
[EventDate "2015.11.15"]
[WhiteTeam "Barbican 4NCL Youth"]
[BlackTeam "Guildford 3"]

1. d4 Nf6 2. Nf3 e6 3. Bf4 c5 4. e3 Qb6 5. b3 Nd5 6. Bxb8 Rxb8 7. c4 Nf6 8. Be2
cxd4 9. exd4 Bb4+ 10. Kf1 Be7 11. Nc3 d6 12. g3 O-O 13. Kg2 Bd7 14. Re1 Rfe8
15. Kg1 a6 16. Rc1 Rbc8 17. Bf1 Qa5 18. Qd3 Qh5 19. a4 Bc6 20. Bg2 b6 21. Rc2
d5 22. cxd5 Nxd5 23. Nxd5 Bxd5 24. Rxc8 Rxc8 25. Qxa6 Ra8 26. Qd3 Bb4 27. Rc1
Qh6 28. Rc7 Bd6 29. Rc2 Qg6 30. Qxg6 hxg6 31. Nd2 Bxg2 32. Kxg2 Bb4 33. Ne4 b5
34. axb5 Rb8 35. Rc4 Rxb5 36. Nc3 Bxc3 37. Rxc3 Rd5 38. Rc4 Rb5 39. b4 Kf8 40.
Kf3 Ke7 41. Ke3 g5 42. g4 g6 43. Kd3 Kd6 44. Kc3 Rb8 1/2-1/2

[Event "4NCL Division 2a"]
[Site "Birmingham, ENG ENG"]
[Date "2015.11.15"]
[Round "2.231"]
[White "Maciol, Ryszard"]
[Black "Asenov, Pavel"]
[Result "1-0"]
[WhiteElo "2159"]
[BlackElo "2237"]
[PlyCount "75"]
[EventDate "2015.11.15"]
[WhiteTeam "Celtic Tigers 1"]
[BlackTeam "Brown Jack Witney"]

1. d4 Nf6 2. c4 g6 3. Nc3 Bg7 4. e4 d6 5. Be2 O-O 6. Bg5 c5 7. d5 h6 8. Bf4 e6
9. Nf3 exd5 10. exd5 Re8 11. Nd2 Bg4 12. O-O Bxe2 13. Nxe2 Nh5 14. Be3 Nd7 15.
Rb1 Qa5 16. Nc3 Ne5 17. b4 cxb4 18. Nce4 Rad8 19. g4 Nf6 20. Nxf6+ Bxf6 21.
Bxh6 Qxa2 22. Rxb4 Rd7 23. Ra4 Qb2 24. Ne4 Bh8 25. f4 f5 26. fxe5 fxe4 27. e6
Rh7 28. Qd2 Bd4+ 29. Kh1 Qb3 30. Qxd4 Rxh6 31. Qf6 Qxa4 32. Qf7+ Kh8 33. e7
Rxh2+ 34. Kxh2 Qc2+ 35. Kg1 Qc3 36. Qxe8+ Kh7 37. Qf7+ Kh6 38. Qf4+ 1-0

[Event "4NCL Division 2a"]
[Site "Birmingham, ENG ENG"]
[Date "2015.11.15"]
[Round "2.232"]
[White "Whatley, Stephen A J"]
[Black "du Maire, Jerome"]
[Result "1-0"]
[WhiteElo "2132"]
[BlackElo "2172"]
[PlyCount "79"]
[EventDate "2015.11.15"]
[WhiteTeam "Brown Jack Witney"]
[BlackTeam "Celtic Tigers 1"]

1. d4 d5 2. Nf3 Nf6 3. Bg5 e6 4. Nbd2 Be7 5. e3 h6 6. Bh4 b6 7. Ne5 O-O 8. Bd3
Bb7 9. c3 c5 10. g4 Nbd7 11. f4 Nxe5 12. fxe5 Nd7 13. Bg3 f6 14. exf6 Nxf6 15.
h4 Bd6 16. Bxd6 Qxd6 17. Nf1 cxd4 18. g5 dxc3 19. gxf6 cxb2 20. Rb1 Rxf6 21.
Rxb2 Qe5 22. Qe2 Raf8 23. Rg1 Rc8 24. Rc2 Rxc2 25. Bxc2 Qa1+ 26. Kd2 Qxa2 27.
Qd3 Rf5 28. Ng3 Qa5+ 29. Kc1 Qa1+ 30. Bb1 Ba6 31. Qc2 Qa3+ 32. Kd1 Qxe3 33. Rg2
Qf3+ 34. Kc1 Qa3+ 35. Kd1 Bc4 36. Kd2 Qb4+ 37. Kc1 Qe1+ 38. Kb2 Qe5+ 39. Kc1
Rf3 40. Qh7+ 1-0

[Event "4NCL Division 2a"]
[Site "Birmingham, ENG ENG"]
[Date "2015.11.15"]
[Round "2.233"]
[White "Pedersen, Carsten"]
[Black "Mihalik, Agoston"]
[Result "1/2-1/2"]
[WhiteElo "2165"]
[BlackElo "2155"]
[PlyCount "45"]
[EventDate "2015.11.15"]
[WhiteTeam "Celtic Tigers 1"]
[BlackTeam "Brown Jack Witney"]

1. e4 c5 2. Nc3 Nc6 3. g3 g6 4. Bg2 Bg7 5. d3 d6 6. f4 e6 7. Nf3 Nge7 8. O-O
O-O 9. Be3 Nd4 10. e5 Nec6 11. Ne4 Nxf3+ 12. Qxf3 dxe5 13. fxe5 Nxe5 14. Qe2 f5
15. Nxc5 Ng4 16. c3 Nxe3 17. Qxe3 e5 18. Nxb7 Bxb7 19. Bxb7 Rb8 20. Ba6 Rxb2
21. Rab1 Qb6 22. Qxb6 Rxb6 23. Rxb6 1/2-1/2

[Event "4NCL Division 2a"]
[Site "Birmingham, ENG ENG"]
[Date "2015.11.15"]
[Round "2.234"]
[White "Martin, Lewis"]
[Black "Kemp, Peter D"]
[Result "1/2-1/2"]
[WhiteElo "2117"]
[BlackElo "2162"]
[PlyCount "88"]
[EventDate "2015.11.15"]
[WhiteTeam "Brown Jack Witney"]
[BlackTeam "Celtic Tigers 1"]

1. e4 e5 2. Nf3 Nc6 3. Bb5 a6 4. Ba4 Nf6 5. O-O Nxe4 6. Re1 Nc5 7. Bxc6 dxc6 8.
Nxe5 Be7 9. d4 Ne6 10. c3 O-O 11. Qb3 Bg5 12. Nd2 Bxd2 13. Bxd2 Qd5 14. Re2
Qxb3 15. axb3 f6 16. Nd3 Bd7 17. Rae1 Rae8 18. Nf4 Kf7 19. Kf1 Nxf4 20. Bxf4
Rxe2 21. Rxe2 Be6 22. c4 b5 23. Rc2 bxc4 24. bxc4 Rb8 25. c5 Rb4 26. Rd2 Rb7
27. Ke2 Ke7 28. Kd3 Kd7 29. Kc3 Rb3+ 30. Kc2 Rb8 31. Re2 Rb4 32. Rd2 Rb8 33. f3
Bc4 34. Kc3 Bb5 35. b4 Re8 36. h4 Re2 37. Rxe2 Bxe2 38. Kd2 Bf1 39. g4 Bc4 40.
Ke3 g6 41. Bh6 Ke6 42. Bg7 Kf7 43. Bh8 Ke6 44. Kf4 h5 1/2-1/2

[Event "4NCL Division 2a"]
[Site "Birmingham, ENG ENG"]
[Date "2015.11.15"]
[Round "2.235"]
[White "Quinn, John M"]
[Black "Headlong, Timothy"]
[Result "1/2-1/2"]
[WhiteElo "2112"]
[BlackElo "2144"]
[PlyCount "51"]
[EventDate "2015.11.15"]
[WhiteTeam "Celtic Tigers 1"]
[BlackTeam "Brown Jack Witney"]

1. d4 d5 2. c4 e6 3. Nc3 c5 4. cxd5 exd5 5. Nf3 Nc6 6. g3 Nf6 7. Bg2 Be7 8. O-O
O-O 9. Bg5 cxd4 10. Nxd4 h6 11. Be3 Bg4 12. Rc1 Qd7 13. Na4 Bh3 14. Nxc6 bxc6
15. Bc5 Bxg2 16. Kxg2 Rfe8 17. Qd4 Bd8 18. Nc3 Ne4 19. Nxe4 Rxe4 20. Qd3 Bb6
21. Rfd1 Rae8 22. e3 h5 23. h4 R8e6 24. Qb3 Bxc5 25. Rxc5 Rg6 26. Rd4 1/2-1/2

[Event "4NCL Division 2a"]
[Site "Birmingham, ENG ENG"]
[Date "2015.11.15"]
[Round "2.236"]
[White "Padilla Cabero, Pablo"]
[Black "Stevenson, James"]
[Result "1/2-1/2"]
[WhiteElo "2176"]
[BlackElo "2053"]
[PlyCount "99"]
[EventDate "2015.11.15"]
[WhiteTeam "Brown Jack Witney"]
[BlackTeam "Celtic Tigers 1"]

1. e4 c5 2. Nc3 a6 3. a4 Nc6 4. Nh3 Nf6 5. Nf4 g6 6. Bc4 Bg7 7. d3 O-O 8. h4 e6
9. h5 Qe7 10. Kf1 Nd4 11. a5 d6 12. Na4 Bd7 13. Nb6 Rad8 14. c3 Nc6 15. Bd2 Ne5
16. hxg6 hxg6 17. Bb3 Bb5 18. c4 Bc6 19. Bc3 Rfe8 20. Ba4 Bxa4 21. Rxa4 Nfd7
22. Nxd7 Rxd7 23. b4 Qg5 24. g3 Qg4 25. Qxg4 Nxg4 26. Bxg7 Kxg7 27. b5 Rdd8 28.
Ra1 Rh8 29. Ke2 g5 30. Ng2 Rxh1 31. Rxh1 Ra8 32. Ra1 Ne5 33. f4 gxf4 34. gxf4
Nd7 35. Nh4 Kf6 36. Nf3 Ke7 37. Ng5 Rh8 38. Nf3 Ra8 39. Ke3 Nf6 40. Ng5 d5 41.
bxa6 d4+ 42. Kf3 Rxa6 43. Rb1 Nd7 44. Rxb7 f6 45. Nh7 Kd6 46. Rb5 Kc6 47. e5
fxe5 48. Ng5 Kc7 49. fxe5 Nxe5+ 50. Ke2 1/2-1/2

[Event "4NCL Division 2a"]
[Site "Birmingham, ENG ENG"]
[Date "2015.11.15"]
[Round "2.237"]
[White "Way, Julian M"]
[Black "Girdlestone, Paul C"]
[Result "1/2-1/2"]
[WhiteElo "1987"]
[BlackElo "2120"]
[PlyCount "94"]
[EventDate "2015.11.15"]
[WhiteTeam "Celtic Tigers 1"]
[BlackTeam "Brown Jack Witney"]

1. d4 Nf6 2. Nc3 d5 3. Bg5 Nbd7 4. e3 e6 5. a3 h6 6. Bh4 a6 7. Qd3 c5 8. O-O-O
c4 9. Qe2 Qa5 10. Qe1 Qc7 11. Bg3 Qc6 12. Nf3 b5 13. Ne5 Nxe5 14. dxe5 Ne4 15.
Nxe4 dxe4 16. Qc3 Bb7 17. Be2 Bc5 18. Kb1 O-O 19. Bf4 a5 20. Rd6 Bxd6 21. exd6
f6 22. a4 e5 23. axb5 Qxd6 24. Rd1 Qb4 25. Qxc4+ Qxc4 26. Bxc4+ Kh7 27. Bg3
Rfd8 28. Rf1 Rac8 29. Bb3 Rc5 30. f4 exf3 31. gxf3 Rxb5 32. e4 Ba6 33. Re1 Rb4
34. f4 exf4 35. Bxf4 Bb7 36. Bc7 Re8 37. e5 fxe5 38. Bxa5 Rg4 39. Bc3 e4 40.
Ba4 Rf8 41. Bd7 Rg2 42. Be5 Rf3 43. Bg3 Kg6 44. b4 e3 45. b5 e2 46. Kc1 Kf6 47.
Kd2 Ke7 1/2-1/2

[Event "4NCL Division 2a"]
[Site "Birmingham, ENG ENG"]
[Date "2015.11.15"]
[Round "2.238"]
[White "Duncan, Patrick C M"]
[Black "Zhou, Yang-Jian"]
[Result "1-0"]
[WhiteElo "2035"]
[BlackElo "1945"]
[PlyCount "49"]
[EventDate "2015.11.15"]
[WhiteTeam "Brown Jack Witney"]
[BlackTeam "Celtic Tigers 1"]

1. b3 Nf6 2. Bb2 d5 3. e3 Bf5 4. Nf3 c5 5. Bb5+ Nbd7 6. O-O a6 7. Be2 Qc7 8.
Nh4 Bg6 9. f4 e6 10. c4 dxc4 11. bxc4 Be4 12. Nc3 Bc6 13. d4 Nb6 14. d5 exd5
15. Nxd5 Nbxd5 16. cxd5 Nxd5 17. Nf5 f6 18. Qb3 g6 19. e4 Nxf4 20. Rxf4 gxf5
21. Bxf6 Be7 22. Bh5+ Kd7 23. Rd1+ Kc8 24. Qe6+ Kb8 25. Be5 1-0

[Event "4NCL Division 2a"]
[Site "Birmingham, ENG ENG"]
[Date "2015.11.15"]
[Round "2.241"]
[White "Snuverink, Jochem"]
[Black "Ross, Chris N"]
[Result "1-0"]
[WhiteElo "2390"]
[BlackElo "2222"]
[PlyCount "69"]
[EventDate "2015.11.15"]
[WhiteTeam "Kings Head"]
[BlackTeam "MK Phoenix 1"]

1. e4 c5 2. Nf3 e6 3. Nc3 Nc6 4. d4 cxd4 5. Nxd4 Qc7 6. Be3 a6 7. Qd2 Nf6 8.
O-O-O Bb4 9. f3 Ne5 10. Bf4 d6 11. Nb3 b5 12. a3 Bxc3 13. Qxc3 Qxc3 14. bxc3
Ke7 15. Na5 Bd7 16. Nb7 Ne8 17. Nxd6 Nxd6 18. Bxe5 Nc4 19. Bxg7 Rhg8 20. Bd4
Rac8 21. Bxc4 Rxc4 22. g4 f5 23. exf5 exf5 24. h3 Kf7 25. Rhe1 Rcc8 26. Be5 Be6
27. Rd6 fxg4 28. hxg4 Rg6 29. Rxa6 Bd5 30. Ra7+ Kg8 31. Rd1 Bxf3 32. Rdd7 Bxg4
33. Rxh7 Kf8 34. Rh8+ Rg8 35. Bd6+ 1-0